5 by 5 Movies by Actor Quiz Stats

 Plays Quiz Updated Jun 3, 2018

Score 0/25 Timer 05:00
1 Play Today
Hint Answer % Correct
Toy Story
97.9%
Tom HanksForrest Gump
97.5%
Batman
95.4%
Johnny DeppEdward Scissorhands
94.1%
Cast Away
92.6%
Jack NicholsonThe Shining
92.4%
Leonardo DiCaprioTitanic
92%
Pirates of the Caribbean: The Curse of the Black Pearl
91.6%
Samuel L. JacksonPulp Fiction
88.7%
The Wolf of Wall Street
86.1%
Alice in Wonderland
84.3%
Star Wars: Episode I - The Phantom Menace
82.2%
The Revenant
76.9%
Hint Answer % Correct
A Few Good Men
71.4%
The Incredibles
70.1%
Sweeney Todd: The Demon Barber of Fleet Street
69.8%
Romeo + Juliet
68.4%
One Flew Over the Cuckoo's Nest
67.3%
A League of Their Own
67.2%
The Avengers
65%
Django Unchained
56.7%
Sleepless in Seattle
54.7%
Inception
50%
Corpse Bride
49%
The Bucket List
25%

You're not logged in!

Compare scores with friends on all Sporcle quizzes.
OR
Log In

Sporcle TV

Today on Sporcle TV


Watch our educational content, quiz creation guides, and fun videos on Sporcle TV.

Show Comments

Extras

Top Quizzes Today


Score Distribution

Your Account Isn't Verified!

In order to create a playlist on Sporcle, you need to verify the email address you used during registration. Go to your Sporcle Settings to finish the process.

Report this User

Report this user for behavior that violates our Community Guidelines.

Details: